000 00286nam a22001337a 4500
008 181218b xxu||||| |||| 00| 0 eng d
020 _a130507789
041 _aeng
080 _a510
100 _a36
101 _aMAT
245 _aMathematical Excursions
_cAufmann
942 _2udc
_cBK
999 _c53457
_d53457